LDR 00911naa#a2200181#i#450# 001 RU\\bibl\120288 005 20260516074302.6 011 ## _a2782-490X 100 ## _a20260403b2026####ek#y0rusy0150####ca 101 0# _aRUS 102 ## _aRU 200 1# _aВЛИЯНИЕ ДИФФЕРЕНЦИРОВАННОГО ВНЕСЕНИЯ УДОБРЕНИЙ НА УРОЖАЙНОСТЬ КОРМОВОЙ КУКУРУЗЫ _eЖурнальная статья 210 1# _aКазань _cКазанский государственный аграрный университет _d2026 215 ## _a6 с. 608 ## _aЖурнальная статья _2local 675 ## _aОбщие вопросы. Питание растений. Элементы питания растений. Производство и применение удобрений. 631.81 _zRUS 700 #1 _aСтрельцов _gРоман Михайлович 856 4# _anaukaru.ru _u